Search the Library Catalogue
| 000 -LEADER | |
|---|---|
| fixed length control field | 00782nam a2200253Ia 4500 |
| 008 - FIXED-LENGTH DATA ELEMENTS--GENERAL INFORMATION | |
| fixed length control field | 191130s2009##################000#0#eng## |
| 020 ## - INTERNATIONAL STANDARD BOOK NUMBER | |
| ISBN | 9780230210165 |
| 082 ## - DEWEY DECIMAL CLASSIFICATION NUMBER | |
| Classification number | 796.01 LEW |
| 100 ## - MAIN ENTRY--AUTHOR NAME | |
| Personal name | Lewis, Gary |
| 245 ## - TITLE STATEMENT | |
| Title | The making of champions : roots of the sporting mind |
| Statement of responsibility, etc | Gary Lewis |
| 260 ## - PUBLICATION, DISTRIBUTION, ETC. (IMPRINT) | |
| Place of publication | Basingstoke, Hampshire |
| Name of publisher | Palgrave Macmillan |
| Year of publication | c2009 |
| 300 ## - PHYSICAL DESCRIPTION | |
| Number of Pages | x, 198 p. ; 21 cm |
| 500 ## - GENERAL NOTE | |
| General note | Includes indexes |
| 650 ## - SUBJECT ADDED ENTRY--TOPICAL TERM | |
| Topical Term | Athletes - Mental health |
| Topical Term | Athletes - Psychology |
| Topical Term | Mind and body |
| Topical Term | Physical education and training - Psychological aspects |
| Topical Term | Sports - Psychological aspects |
| 991 ## - | |
| -- | 330497 |
| Withdrawn status | Lost status | Damaged status | Not for loan | Home library | Current library | Shelving location | Date acquired | Full call number | Accession Number | Price effective from | Koha item type |
|---|---|---|---|---|---|---|---|---|---|---|---|
| Anna Centenary Library | Anna Centenary Library | 6TH FLOOR, B WING | 09.10.2020 | 796.01 LEW | 305481 | 09.10.2020 | English Books |